000 00493nam a2200193Ia 4500
008 220531s9999 xx 000 0 und d
041 _aeng
082 _a-
_bCHA
100 _aChaudhary, P. N.
_963974
245 _aBusiness Regulatory Framework (mercantile Law)
250 _a1ST
260 _aPune
_bNirali
_c2015
300 _a8.18
542 _d09-07-2015
551 _aCommerce
_bGrantebal-C
650 _aMercantile Law
_963975
906 _d2015-2016
999 _c36301
_d36301